000 00559nam a2200181 a 4500
005 20140412111305.0
008 010502s19uu xx 00 eng d
020 _a0-88743-409-6
050 _aTR(PS E
_bSu1 1992
100 _aGregorich, Barbara
245 _aSue likes blue /
_cwritten by Barbara Gregorich; illustrated by Joyce John.
260 _aGrand Haven, MI :
_bSchool Zone Publishing Company,
_c1992.
300 _a30p. ; ill.
440 _aSchool Zone Start to Read Book
650 _aReading
650 _aChildren's stories
999 _c103642
_d103642